Handbook of college reading and study strategy research [

Bibliographic Details
Main Authors: Caverly, David C. (Author), Flippo, Rona F. (Author)
Format: Book
Language:English
Published: New York : Routledge , c2009
Edition:2nd ed
Subjects:
Online Access:NetLibrary

MARC

LEADER 00000cam a2200000 7i4500
001 0000072002
005 20160914093000.0
008 110411s2009 nyu eng
020 |a 0203894944 (electronic bk.) 
020 |a 9780203894941 (electronic bk.) 
020 |a 9780805860009 
050 0 0 |a LB2395.3   |b .H36 2009 
090 0 0 |a LB2395.3   |b .H36 2009 
245 1 0 |a Handbook of college reading and study strategy research [  |h electronic resource]   |c edited by Rona F Flippo, David C Caverly 
246 1 0 |a College reading and study strategy research : electronic resource 
250 |a 2nd ed 
260 |a New York :   |b Routledge ,   |c c2009 
300 |a 1 online resource (xx, 500 p.) :   |b ill 
500 |a Description based on print version record 
504 |a Includes bibliographical references and indexes 
650 0 |a Reading (Higher education)   |z United State   |x Handbooks, manuals, etc 
650 0 |a Study skills   |z United States   |x Handbooks, manuals, etc 
700 1 |a Caverly, David C. ,   |e author 
700 1 |a Flippo, Rona F. ,   |e author 
856 4 0 |3 NetLibrary   |u http://www.netlibrary.com/urlapi.asp?action=summary&v=1&bookid=232659 
999 |a 1000138675   |b Electronic Resource   |c OPEN SHELF (30 DAYS)   |e Gong Badak Campus